| 000 | 00308nam a22000977a 4500 | ||
|---|---|---|---|
| 008 | 150825b xxu||||| |||| 00| 0 eng d | ||
| 020 | _a052100408 | ||
| 100 | _aKANG,DAVID,C | ||
| 245 |
_aCRONY CAPITALISM _bCORRUPTION AND DEVELOPMENT IN SOUTH KOREA AND THE PHILIPPINES |
||
| 260 |
_aUK _bCAMBRIDGE UNIVERSITY PRESS _c2002 |
||
| 999 |
_c731 _d731 |
||